[Event "GER-ch Blitz (Women)"]
[Site "Munich"]
[Date "2025.05.24"]
[Round "18"]
[White "Butenandt, Svenja"]
[Black "Braeutigam, Katerina"]
[Result "1-0"]
[WhiteElo "2136"]
[BlackElo "2143"]
[PlyCount "57"]
[EventDate "2025.05.24"]
[EventType "tourn (blitz)"]
[EventRounds "29"]
[EventCountry "GER"]
[SourceTitle "CB22_2025"]
[SourceDate "2025.05.28"]
[SourceVersion "1"]
[SourceVersionDate "2025.05.28"]
[SourceQuality "1"]

1. d4 Nf6 2. c4 e6 3. Nc3 Bb4 4. e3 b6 5. Nge2 Ba6 6. a3 Be7 7. Nf4 d5 8. b3 0-0 9. Be2 Ne4 10. Nxe4 dxe4 11. Qc2 Bb7 12. 0-0 Bd6 13. Bb2 Qe7 14. b4 e5 15. Nd5 Bxd5 16. cxd5 exd4 17. Bxd4 Nd7 18. Rac1 f5 19. f4 a5 20. Qb2 axb4 21. axb4 Nf6 22. Be5 Bxe5 23. fxe5 Nxd5 24. Bc4 Qe6 25. Rfd1 c6 26. b5 Rad8 27. bxc6 Kh8 28. Qb3 Qh6 29. Rxd5 1-0

[Event "GER-ch Blitz (Women)"]
[Site "Munich"]
[Date "2025.05.24"]
[Round "10"]
[White "Butenandt, Svenja"]
[Black "Dolzhikova, Kateryna"]
[Result "1-0"]
[WhiteElo "2136"]
[BlackElo "2331"]
[PlyCount "127"]
[EventDate "2025.05.24"]
[EventType "tourn (blitz)"]
[EventRounds "29"]
[EventCountry "GER"]
[SourceTitle "CB22_2025"]
[SourceDate "2025.05.28"]
[SourceVersion "1"]
[SourceVersionDate "2025.05.28"]
[SourceQuality "1"]

1. d4 Nf6 2. Nf3 g6 3. c4 Bg7 4. Nc3 d6 5. e4 0-0 6. Be2 e5 7. d5 a5 8. Bg5 h6 9. Be3 Ng4 10. Bd2 f5 11. exf5 gxf5 12. h3 Nf6 13. Qc1 Kh7 14. g4 e4 15. Nd4 Nxd5 16. cxd5 Bxd4 17. Bxh6 Bxf2+ 18. Kxf2 Qh4+ 19. Kg2 fxg4 20. Bxf8 gxh3+ 21. Kf1 Bf5 22. Qh6+ Qxh6 23. Bxh6 Kxh6 24. Bd1 Nd7 25. Bc2 Nc5 26. Re1 Rf8 27. Ke2 Bg4+ 28. Ke3 Rf3+ 29. Kd4 Rf2 30. Bxe4 Rd2+ 31. Ke3 Rxb2 32. Ne2 Nxe4 33. Kxe4 Bxe2 34. Rxh3+ Kg5 35. Ke3 Bc4 36. Rf3 Bxd5 37. Rg1+ Kh4 38. Rf4+ Kh3 39. Rf5 Bg2 40. Rh5+ Kg4 41. Rh8 Kf5 42. Rh2 Rxa2 43. Rgxg2 Ra3+ 44. Kd2 Ke6 45. Kc1 b5 46. Rc2 c5 47. Rh6+ Kd5 48. Rd2+ Kc4 49. Rh4+ Kc3 50. Rh3+ Kb4 51. Rxa3 Kxa3 52. Rxd6 c4 53. Kc2 b4 54. Ra6 a4 55. Rc6 c3 56. Rb6 b3+ 57. Kxc3 Ka2 58. Rb4 Ka3 59. Rb8 Ka2 60. Rb4 Ka3 61. Rh4 b2 62. Kc2 b1Q+ 63. Kxb1 Kb3 64. Rh3+ 1-0

[Event "GER-ch Blitz (Women)"]
[Site "Munich"]
[Date "2025.05.24"]
[Round "13"]
[White "Doll, Rebecca"]
[Black "Butenandt, Svenja"]
[Result "1-0"]
[WhiteElo "1944"]
[BlackElo "2136"]
[PlyCount "41"]
[EventDate "2025.05.24"]
[EventType "tourn (blitz)"]
[EventRounds "29"]
[EventCountry "GER"]
[SourceTitle "CB22_2025"]
[SourceDate "2025.05.28"]
[SourceVersion "1"]
[SourceVersionDate "2025.05.28"]
[SourceQuality "1"]

1. e4 g6 2. d4 Bg7 3. Nc3 c6 4. Be3 d5 5. e5 h5 6. Bd3 Nh6 7. Qd2 Nf5 8. Nf3 Nxe3 9. fxe3 h4 10. 0-0-0 Bg4 11. Rdf1 Bxf3 12. Rxf3 e6 13. Rhf1 Rf8 14. Qf2 Qe7 15. Rxf7 Qxf7 16. Qxf7+ Rxf7 17. Bxg6 Bh6 18. Kd2 Nd7 19. Rxf7 Kd8 20. Rh7 Bg5 21. Rh8+ 1-0

[Event "GER-ch Blitz (Women)"]
[Site "Munich"]
[Date "2025.05.24"]
[Round "29"]
[White "Heutling, Elina"]
[Black "Butenandt, Svenja"]
[Result "0-1"]
[WhiteElo "1996"]
[BlackElo "2136"]
[PlyCount "76"]
[EventDate "2025.05.24"]
[EventType "tourn (blitz)"]
[EventRounds "29"]
[EventCountry "GER"]
[SourceTitle "CB22_2025"]
[SourceDate "2025.05.28"]
[SourceVersion "1"]
[SourceVersionDate "2025.05.28"]
[SourceQuality "1"]

1. e4 g6 2. d4 Bg7 3. Nc3 c6 4. Nf3 d5 5. h3 dxe4 6. Nxe4 Nf6 7. Nxf6+ exf6 8. Bc4 0-0 9. 0-0 b5 10. Bb3 Nd7 11. a4 b4 12. a5 Re8 13. Be3 Nf8 14. d5 Ba6 15. Re1 cxd5 16. Bxd5 Rc8 17. Bxa7 Rxe1+ 18. Nxe1 f5 19. Bb6 Qd7 20. Bd4 Qxd5 21. Bxg7 Qxd1 22. Rxd1 Kxg7 23. Rd6 Be2 24. Nd3 Bxd3 25. cxd3 Rc1+ 26. Kh2 Ra1 27. a6 Ne6 28. d4 Nc7 29. Rb6 Nxa6 30. d5 Nc7 31. d6 Ne6 32. Rxb4 Rd1 33. Rb6 Kf6 34. b4 Ke5 35. Rb7 Nd8 36. Rd7 Rxd6 37. Re7+ Kf6 38. Ra7 Rb6 0-1

[Event "GER-ch Blitz (Women)"]
[Site "Munich"]
[Date "2025.05.24"]
[Round "11"]
[White "Leshchenko, Sofia"]
[Black "Butenandt, Svenja"]
[Result "0-1"]
[WhiteElo "2092"]
[BlackElo "2136"]
[PlyCount "114"]
[EventDate "2025.05.24"]
[EventType "tourn (blitz)"]
[EventRounds "29"]
[EventCountry "GER"]
[SourceTitle "CB22_2025"]
[SourceDate "2025.05.28"]
[SourceVersion "1"]
[SourceVersionDate "2025.05.28"]
[SourceQuality "1"]

1. e4 g6 2. d4 Bg7 3. c3 c6 4. Nf3 d5 5. Bd3 dxe4 6. Bxe4 Nf6 7. Bc2 0-0 8. 0-0 Nbd7 9. Bg5 Nb6 10. Nbd2 Nbd5 11. Bb3 Bf5 12. Re1 b5 13. Qe2 Re8 14. Rac1 h6 15. Bh4 Nf4 16. Qe3 Nd3 17. Ne5 Nxe5 18. dxe5 Ng4 19. Qe2 Nxe5 20. Nf3 Bg4 21. Rcd1 Qc7 22. h3 Nxf3+ 23. gxf3 Bxh3 24. Bg3 Qb6 25. Kh2 Bf5 26. Kg2 a5 27. a4 h5 28. axb5 cxb5 29. Qe3 Qxe3 30. fxe3 a4 31. Ba2 a3 32. b4 Rec8 33. e4 Be6 34. Bxe6 fxe6 35. e5 Rxc3 36. Rd7 a2 37. Ra1 Rc2+ 38. Kh3 Rb2 39. Rxe7 Rb1 40. Rxa2 Rxa2 41. Rxe6 Rh1+ 42. Bh2 Rhxh2+ 43. Kg3 h4+ 44. Kf4 Rab2 45. Re8+ Kf7 46. Rb8 Rxb4+ 47. Kg5 h3 48. Rb7+ Kg8 49. Kxg6 Rg2+ 50. Kf5 h2 51. e6 h1Q 52. e7 Qh5+ 53. Ke6 Rg6+ 54. Kd7 Qd5+ 55. Kc7 Qc6+ 56. Kb8 Qe8+ 57. Ka7 Ra4# 0-1

[Event "GER-ch Blitz (Women)"]
[Site "Munich"]
[Date "2025.05.24"]
[Round "19"]
[White "Morio, Estelle"]
[Black "Butenandt, Svenja"]
[Result "1/2-1/2"]
[WhiteElo "1814"]
[BlackElo "2136"]
[PlyCount "140"]
[EventDate "2025.05.24"]
[EventType "tourn (blitz)"]
[EventRounds "29"]
[EventCountry "GER"]
[SourceTitle "CB22_2025"]
[SourceDate "2025.05.28"]
[SourceVersion "1"]
[SourceVersionDate "2025.05.28"]
[SourceQuality "1"]

1. f4 d5 2. Nf3 Bg4 3. e3 Nd7 4. Be2 Ngf6 5. b3 e6 6. Bb2 c5 7. 0-0 Be7 8. d3 Qb6 9. Ne5 Bxe2 10. Qxe2 h5 11. Nd2 h4 12. h3 Nh5 13. Nxd7 Kxd7 14. Rfd1 Rag8 15. c4 Kc8 16. cxd5 exd5 17. d4 Kb8 18. Nf3 Ng3 19. Qc2 Rc8 20. Qd2 Ne4 21. Qe2 Rhg8 22. Rac1 g5 23. dxc5 Bxc5 24. Bd4 gxf4 25. Bxc5 Rxc5 26. Rxc5 Qxc5 27. Nd4 fxe3 28. Qxe3 Qc7 29. Rc1 Qg3 30. Qxg3+ Nxg3 31. Re1 Ne4 32. Nf3 Rh8 33. Rd1 Rh5 34. Rf1 Kc7 35. Nd4 f5 36. Nxf5 Kc6 37. Nd4+ Kc5 38. Nf3 Ng3 39. Rc1+ Kb4 40. Rc2 Rf5 41. Rd2 Kc3 42. Rf2 Ne4 43. Rf1 Rf8 44. Ra1 Kb2 45. Rd1 Rd8 46. b4 Kxa2 47. Kf1 Kb3 48. b5 Kb4 49. Rb1+ Kc5 50. Ra1 d4 51. Rxa7 d3 52. Rxb7 d2 53. Nxd2 Nxd2+ 54. Ke2 Ne4 55. Rh7 Ng3+ 56. Kf2 Nf5 57. Rh5 Rd5 58. b6 Kxb6 59. Kf3 Kc6 60. Kf4 Ne7 61. Rxd5 Kxd5 62. Kg5 Ke4 63. Kxh4 Kf5 64. g4+ Kg6 65. Kg3 Nd5 66. h4 Nf6 67. Kf4 Nxg4 68. Kxg4 Kh6 69. Kf5 Kh5 70. Kf4 Kxh4 1/2-1/2

[Event "GER-ch Blitz (Women)"]
[Site "Munich"]
[Date "2025.05.24"]
[Round "21"]
[White "Roessler, Ulrike"]
[Black "Butenandt, Svenja"]
[Result "1/2-1/2"]
[WhiteElo "2041"]
[BlackElo "2136"]
[PlyCount "101"]
[EventDate "2025.05.24"]
[EventType "tourn (blitz)"]
[EventRounds "29"]
[EventCountry "GER"]
[SourceTitle "CB22_2025"]
[SourceDate "2025.05.28"]
[SourceVersion "1"]
[SourceVersionDate "2025.05.28"]
[SourceQuality "1"]

1. e4 g6 2. d4 Bg7 3. Nc3 c6 4. f4 d5 5. e5 h5 6. Nf3 Nh6 7. Be2 Bg4 8. Ng5 Bxe2 9. Qxe2 e6 10. Be3 Nf5 11. Bf2 h4 12. 0-0-0 Bh6 13. Qg4 Bg7 14. g3 Nd7 15. gxh4 Nb6 16. Rhg1 Qe7 17. Ne2 Nc4 18. Be1 Nce3 19. Qf3 Nxd1 20. Kxd1 0-0-0 21. Qb3 Nxh4 22. Bb4 Qd7 23. Ng3 Bh6 24. Bd6 Bxg5 25. fxg5 Nf5 26. Nxf5 gxf5 27. Qa3 b6 28. h3 Rh4 29. Qe3 Rdh8 30. g6 fxg6 31. Rxg6 Rxh3 32. Qg5 Rh1+ 33. Kd2 R1h7 34. Rg8+ Kb7 35. Qg6 Rxg8 36. Qxg8 Rg7 37. Qb8+ Ka6 38. Qf8 Rg2+ 39. Kc3 Rg3+ 40. Kb4 Qb7 41. c3 c5+ 42. Ka4 cxd4 43. Bb4 b5+ 44. Kb3 dxc3 45. bxc3 Rf3 46. Qd6+ Qb6 47. Qd7 Re3 48. Qc8+ Qb7 49. Qxe6+ Qb6 50. Qc8+ Qb7 51. Qe6+ 1/2-1/2

[Event "BL 2425 (Women)"]
[Site "Germany"]
[Date "2025.01.25"]
[Round "3.1"]
[White "Butenandt, Svenja"]
[Black "Tsolakidou, Stavroula"]
[Result "1/2-1/2"]
[WhiteElo "2122"]
[BlackElo "2445"]
[PlyCount "94"]
[EventDate "2024.11.16"]
[EventType "team-tourn"]
[EventRounds "11"]
[EventCountry "GER"]
[SourceTitle "CB14_2025"]
[SourceDate "2024.11.01"]
[SourceVersion "1"]
[SourceVersionDate "2024.11.01"]
[SourceQuality "1"]
[WhiteTeam "Bayern Muenchen (W)"]
[BlackTeam "Rodewisch (W)"]
[WhiteTeamCountry "GER"]
[BlackTeamCountry "GER"]

1. d4 Nf6 2. c4 g6 3. Nc3 Bg7 4. e4 d6 5. Be2 0-0 6. Be3 Na6 7. Nf3 e5 8. 0-0 Qe7 9. dxe5 dxe5 10. Nd5 Qd8 11. Qc2 Ng4 12. Rad1 Nxe3 13. Nxe3 Qe7 14. Nd5 Qe8 15. c5 c6 16. Ne3 Nc7 17. Nc4 Qe7 18. Nd6 b5 19. h3 Be6 20. a4 a6 21. Ra1 Rfb8 22. Qd2 f5 23. exf5 gxf5 24. Rfe1 Qf6 25. Qa5 Nd5 26. axb5 e4 27. bxc6 Rxb2 28. Nd2 Qc3 29. N6c4 Rxd2 30. Nxd2 Qxa5 31. Rxa5 Bc3 32. Rxa6 Rxa6 33. Bxa6 Bxd2 34. Rd1 e3 35. fxe3 Bxe3+ 36. Kh1 Nc7 37. Bc8 Bxc8 38. Rd8+ Kf7 39. Rxc8 Bf4 40. Rd8 h5 41. Kg1 h4 42. Kf1 Ke6 43. Ke2 Na6 44. Kd3 Nxc5+ 45. Kc4 Na6 46. Kb5 Nc7+ 47. Kb6 Bg3 1/2-1/2

[Event "Basel Christmas op"]
[Site "Basel"]
[Date "2024.12.26"]
[Round "1"]
[White "Stojanovic, Mihajlo"]
[Black "Butenandt, Svenja"]
[Result "1-0"]
[WhiteElo "2419"]
[BlackElo "2138"]
[PlyCount "95"]
[EventDate "2024.12.26"]
[EventType "swiss"]
[EventRounds "7"]
[EventCountry "SUI"]
[SourceTitle "CB01_2025"]
[SourceDate "2025.01.01"]
[SourceVersion "1"]
[SourceVersionDate "2025.01.01"]
[SourceQuality "1"]

1. d4 Nf6 2. c4 e6 3. Nf3 c5 4. d5 d6 5. Nc3 exd5 6. cxd5 g6 7. Nd2 Bg7 8. e4 0-0 9. Be2 Re8 10. 0-0 Nbd7 11. Re1 a6 12. a4 Rb8 13. h3 g5 14. Ra3 Ne5 15. Nf1 h6 16. Ne3 Ng6 17. Qc2 Qe7 18. Bd2 Nf4 19. Bg4 Nxg4 20. hxg4 Bxc3 21. Qxc3 Qxe4 22. f3 Qd4 23. g3 Qxc3 24. Rxc3 Ng6 25. Nc4 Rxe1+ 26. Bxe1 Ne7 27. Nb6 f5 28. b4 fxg4 29. bxc5 dxc5 30. d6 Nc6 31. d7 Bxd7 32. Nxd7 Rd8 33. Nf6+ Kf7 34. Nxg4 h5 35. Nf2 Nd4 36. Kg2 b6 37. a5 Re8 38. Ne4 Kg6 39. axb6 g4 40. b7 gxf3+ 41. Kf2 h4 42. gxh4 Rb8 43. Nxc5 Kf5 44. Rd3 Nc6 45. Rd5+ Kg4 46. Rd7 Kxh4 47. Kxf3+ Kg5 48. Rd5+ 1-0

[Event "Bratislava exe op 2nd"]
[Site "Bratislava"]
[Date "2024.09.20"]
[Round "7"]
[White "Butenandt, Svenja"]
[Black "Maciejewski, Kamil"]
[Result "1-0"]
[WhiteElo "2121"]
[BlackElo "1951"]
[PlyCount "117"]
[EventDate "2024.09.14"]
[EventType "swiss"]
[EventRounds "9"]
[EventCountry "SVK"]
[SourceTitle "EXT 2025"]
[Source "ChessBase"]
[SourceDate "2024.10.14"]
[SourceVersion "1"]
[SourceVersionDate "2024.10.14"]
[SourceQuality "1"]

1. d4 Nf6 2. c4 e6 3. Nc3 Bb4 4. e3 c5 5. Nge2 d5 6. a3 Bxc3+ 7. Nxc3 cxd4 8. Qxd4 0-0 9. cxd5 exd5 10. Bb5 Bd7 11. Be2 Nc6 12. Qf4 Qb8 13. Qh4 Qe5 14. 0-0 d4 15. exd4 Nxd4 16. Bd3 Nb3 17. Bg5 h6 18. Bxf6 Qxf6 19. Qxf6 gxf6 20. Rad1 Rad8 21. Ne4 Kg7 22. Ng3 Kh8 23. Bc2 Be6 24. Nf5 Nd2 25. Rfe1 Bxf5 26. Bxf5 Nc4 27. g4 Nxb2 28. Rxd8 Rxd8 29. Re7 Kg8 30. Rxb7 Rd2 31. Rxa7 Nd1 32. Rd7 Rxd7 33. Bxd7 Kf8 34. Kg2 Ke7 35. Ba4 Nc3 36. Bb3 f5 37. gxf5 Kf6 38. Bc2 Kg5 39. a4 Kg4 40. a5 Nb5 41. a6 f6 42. Bd3 Na7 43. f3+ Kh4 44. Bc2 Nc6 45. Ba4 Na7 46. Bd7 h5 47. Kf2 Kh3 48. Kg1 Kh4 49. Kg2 Kg5 50. Kg3 h4+ 51. Kh3 Kh5 52. f4 Kh6 53. Kxh4 Kg7 54. Kg4 Kh6 55. Kf3 Kh5 56. Ke3 Kg4 57. Kd4 Kxf4 58. Kc5 Ke5 59. Kb6 1-0

[Event "Bratislava exe op 2nd"]
[Site "Bratislava"]
[Date "2024.09.19"]
[Round "6"]
[White "Seemann, Pola"]
[Black "Butenandt, Svenja"]
[Result "0-1"]
[WhiteElo "1914"]
[BlackElo "2121"]
[PlyCount "86"]
[EventDate "2024.09.14"]
[EventType "swiss"]
[EventRounds "9"]
[EventCountry "SVK"]
[SourceTitle "EXT 2025"]
[Source "ChessBase"]
[SourceDate "2024.10.14"]
[SourceVersion "1"]
[SourceVersionDate "2024.10.14"]
[SourceQuality "1"]

1. e4 c6 2. d4 d5 3. exd5 cxd5 4. Bd3 Nc6 5. c3 Qc7 6. Na3 a6 7. Nc2 Nf6 8. h3 g6 9. Ne2 Bg7 10. 0-0 0-0 11. Re1 Bd7 12. Bf4 Qb6 13. Qd2 Rae8 14. Ng3 Na5 15. Ne3 Be6 16. Be5 Nc6 17. f4 Nxe5 18. dxe5 Nd7 19. Kh1 d4 20. Nc4 dxc3 21. Qxc3 Qf2 22. Ne2 Bd5 23. Rg1 Rc8 24. Qd2 Nc5 25. Nc3 Qxd2 26. Nxd2 Bxg2+ 27. Rxg2 Nxd3 28. Rf1 Rfd8 29. Nde4 Bh6 30. Rg4 b5 31. a3 Nxb2 32. f5 Nc4 33. Rh4 Bg7 34. f6 exf6 35. exf6 Bf8 36. a4 b4 37. Ne2 Ne3 38. Rf3 Rd1+ 39. Kh2 Nf5 40. Rhf4 Rc2 41. Rf2 b3 42. N2c3 Rdc1 43. Rxc2 bxc2 0-1

[Event "German Masters (Women)"]
[Site "Ostfildern"]
[Date "2024.08.22"]
[Round "4"]
[White "Butenandt, Svenja"]
[Black "Arnhold, Steffi"]
[Result "1-0"]
[WhiteElo "2126"]
[BlackElo "2132"]
[PlyCount "137"]
[EventDate "2024.08.19"]
[EventType "tourn"]
[EventRounds "9"]
[EventCountry "GER"]
[SourceTitle "CBM 221 Extra"]
[Source "ChessBase"]
[SourceDate "2024.09.30"]
[SourceVersion "1"]
[SourceVersionDate "2024.09.30"]
[SourceQuality "1"]

1. d4 d5 2. c4 c6 3. Nc3 dxc4 4. e3 b5 5. a4 b4 6. Ne4 Qd5 7. Nd2 c3 8. bxc3 bxc3 9. Nb1 Qa5 10. Qc2 Na6 11. Qxc3 Nb4 12. Bd2 e6 13. Nf3 Nf6 14. Bc4 Be7 15. 0-0 0-0 16. Rc1 c5 17. Qb2 a6 18. Na3 Rb8 19. dxc5 Bxc5 20. Bb5 Be7 21. Nc4 Nd3 22. Nxa5 Nxb2 23. Nc6 axb5 24. Nxb8 bxa4 25. Nc6 Bd6 26. Rc2 Nd3 27. Rxa4 e5 28. Ra8 Bf5 29. Rxf8+ Kxf8 30. Ra2 Be4 31. Na5 Bd5 32. Rc2 Ne4 33. Nc4 Bxc4 34. Rxc4 Nexf2 35. Be1 Nd1 36. Bd2 f6 37. Rc6 Bc5 38. Rxc5 Nxc5 39. Bb4 Kf7 40. Bxc5 Ke6 41. Kf1 Nc3 42. Bb4 Nd5 43. Bd2 h6 44. e4 Ne7 45. g4 h5 46. h3 hxg4 47. hxg4 g6 48. Bc3 Nc6 49. Nh4 Ne7 50. Bb4 Nc6 51. Bc5 f5 52. gxf5+ gxf5 53. Nxf5 Nb8 54. Ke2 Nd7 55. Be7 Nb8 56. Kd3 Nc6 57. Bc5 Nd8 58. Kc4 Nf7 59. Be3 Nd8 60. Kc5 Nf7 61. Kc6 Nd8+ 62. Kc7 Nf7 63. Bc1 Nh8 64. Kd8 Ng6 65. Ke8 Nf4 66. Ba3 Ng6 67. Be7 Nxe7 68. Nxe7 Kf6 69. Kd7 1-0